100 truyện ngắn hay Nga
Spremljeno u:
| Format: | Knjiga |
|---|---|
| Jezik: | Undetermined |
| Izdano: |
Hà Nội
Hội Nhà Văn
1998
|
| Teme: | |
| Oznake: |
Dodaj oznaku
Bez oznaka, Budi prvi tko označuje ovaj zapis!
|
| Thư viện lưu trữ: | Trung tâm Học liệu Trường Đại học Cần Thơ |
|---|
| LEADER | 00611nam a2200193Ia 4500 | ||
|---|---|---|---|
| 001 | CTU_27501 | ||
| 008 | 210402s9999 xx 000 0 und d | ||
| 082 | |a 891.7308 | ||
| 082 | |b M458/T.1 | ||
| 245 | 0 | |a 100 truyện ngắn hay Nga | |
| 245 | 0 | |c Ngô Văn Phú, Vũ Đình Bình, Phạm Sông Hồng ( tuyển chọn ) | |
| 260 | |a Hà Nội | ||
| 260 | |b Hội Nhà Văn | ||
| 260 | |c 1998 | ||
| 650 | |a Short stories, russian | ||
| 650 | |x Collections | ||
| 650 | |y 20th century | ||
| 904 | |i Qhieu đã sửa trong CSDL | ||
| 980 | |a Trung tâm Học liệu Trường Đại học Cần Thơ | ||